Katowice - prawda czy fałsz? - Statystyki

Ogólne statystyki
  • Ten quiz został rozwiązany 203 razy
  • Średni wynik to 9 z 15
Statystyki odpowiedzi
Zagadnienie Odpowiedź % Poprawnych
Katowice jest stolicą województwa śląskiego Prawda
99%
W Katowicach znajduje się wojewódzka biblioteka publiczna Prawda
93%
Zarzad Transportu Metropolitarnego (GZM) ma siedzibę w Katowicach Prawda
85%
Katowice graniczą z Zabrzem Fałsz
79%
GKS Katowice w sezonie 2024/25 gra w piłkarskiej Ekstraklasie Prawda
78%
Katowice uzyskały prawa miejskie dopiero w XIX w. Prawda
69%
Port lotniczy im. Wojciecha Korfantego znajduje się w Katowicach Fałsz
67%
Dzielnica Ligota-Palnewiki jest najbardziej na zachód wysuniętą dzielnica w Katowicach Prawda
63%
Katowickie Śródmieście w 1927r. zamieszkiwało więcej niż 55tys ludzi Prawda
60%
W tabeli wszechczasów piłkarskiej Ekstraklasy GKS Katowice znajduje się na miejscu 10 bądź wyższym Fałsz
57%
Zespół przyrodniczo-krajobrazowy „Źródła Kłodnicy” został ustanowiony obszarem ochrony przyrody w granicach Katowic najpóźniej ze wszystkich Fałsz
46%
Politechnika Śląska znajduje się w Katowicach Fałsz
44%
W Katowicach znajduje się co najmniej jeden park krajobrazowy Fałsz
39%
W Katowicach dominują gleby brunatne Prawda
38%
Osiedle Tysiąclecia stanowi 2,5% (1+-) powierzchni miasta Fałsz
24%
Nie znaleziono quizów pasujących do podanych kryteriów
Rozkład punktacji
Procent ludzi z każdym wynikiem
Percentyl według liczby udzielonych odpowiedzi
Twoja historia wyników
Nie rozwiązałeś tego quizu